000 00848nam a2200253 i 4500
001 26049
003 ES-MaACL
005 20250824071912.0
007 t|
008 030107s1987 sp ||||1| spa d
020 _a84-505-6301-1
080 _a860-23"19"
100 1 _aAres, Marisa.
_922628
245 1 0 _aMordecaï Slaughter en Rotos intencionados ;
_bNegro seco /
_cde Marisa Ares.
246 3 _aNegro seco
260 _aMadrid :
_bCentro Nacional de Nuevas Tendencias Escénicas,
_c[1987]
300 _a153 p. ;
_c17 cm.
490 1 _aNuevo teatro español ;
_v6
710 2 _aCentro Nacional de Nuevas Tendencias Escénicas (España)
_9134239
830 1 0 _aNuevo teatro español (Centro Nacional de Nuevas Tendencias Escénicas)
_v6
_9180888
852 4 _aES-MaACL
_jD-5155
852 4 _aES-MaACL
_jL-12554
999 _c26049
_d26049